České důchody

Salvato in:
Dettagli Bibliografici
Autore principale: Potůček, Martin
Natura: Libro
Lingua:ceco
Pubblicazione: Praha Univerzita Karlova 2018
Edizione:1. vydání
Soggetti:
Tags: Aggiungi Tag
Nessun Tag, puoi essere il primo ad aggiungerne!!

MARC

LEADER 00000nam a2200000 4500
001 0257331
005 20240221112629.8
020 |a 978-80-246-4236-9 
041 0 |a cze 
044 |a CZ 
245 1 0 |a České důchody  |c Martin Potůček ; Recenzovali: Jan Hartl, Vojtěch Krebs 
250 |a 1. vydání 
264 1 |a Praha  |b Univerzita Karlova  |c 2018 
300 |a 181 s. 
610 2 0 |a dôchodky 
610 2 0 |a penzie 
610 2 0 |a systémy dôchodkové 
610 2 0 |a dôchodky starobné 
610 2 0 |a sporenie dôchodkové doplnkové 
610 2 0 |a inštitúcie finančné 
610 2 0 |a inštitúcie verejnoprávne 
610 2 0 |a sporiteľne 
610 2 0 |a reformy dôchodkové 
610 2 0 |a Česko 
100 1 |a Potůček, Martin